| 000 | 00414nam a2200181Ia 4500 | ||
|---|---|---|---|
| 005 | 20250423101743.0 | ||
| 008 | 250422s9999 xx 000 0 und d | ||
| 020 | _a0-446-52800-5 | ||
| 050 | _aHD58.87.C427 | ||
| 100 | _aJames Champy | ||
| 245 | 0 | _aX-Engineering the Corporation | |
| 260 | _aNew York | ||
| 260 | _bWarner Books | ||
| 260 | _c2001 | ||
| 300 | _a232 p | ||
| 650 | _aManagement | ||
| 942 | _cBK | ||
| 999 |
_c37177 _d37177 |
||